Saber hacer : lengua 7 egb - 1 esb /

Guardado en:
Autor Principal: Seoane, Carolina
Otros Autores: Muschietti, Marcelo, Roich, Paula, Zunino, Carolina
Formato: Libro
Publicado: Buenos Aires : Estrada, 2007
Series:Confluencias
Materias:
Etiquetas: Agregar Etiqueta
Sin Etiquetas, Sea el primero en etiquetar este registro!
LEADER 01207nam a22002895a 4500
001 CEM.cems013490
005 20110303093231.0
008 130507s2007##################000#0#####d
003 CEMS
020 |a 9789500111478 
082 0 4 |a Z468 
100 1 |a Seoane, Carolina 
245 1 0 |a Saber hacer :  |b lengua 7 egb - 1 esb /  |c Carolina Seoane ... [et Al.] 
260 |a Buenos Aires :  |b Estrada,  |c 2007 
300 |a 32 p. 
490 0 |a Confluencias 
500 |a Cuaderno de procedimientos 
505 0 |a Responder consignas -- Cómo deben ser las respuestas -- Sinónimos y antónimos -- Hiperónimos e hipónimos -- Paratextos de libros -- Ideas principales y secundarias -- Resumen -- Estrategias para resumir -- Recursos explicativos -- Reformulación y comparación -- Resumir información en cuadros -- Reseña literaria -- Ficha bibliográfica -- Ficha de lectura -- Del borrador al resumen 
653 |a Lengua 
653 |a Lengua-7º egb 
653 |a Lengua-1º esb 
653 |a Técnicas de estudio 
653 |a Lengua-actividades 
700 1 |a Muschietti, Marcelo 
700 1 |a Roich, Paula 
700 1 |a Zunino, Carolina 
859 |a CEMS  |b BIB. CEMS - 11 de abril  |h Z468  |i Se61-1  |p 26118.11  |t Ej.1  |v 1  |3 1